| 000 | 00582nam a2200205Ia 4500 | ||
|---|---|---|---|
| 005 | 20260429112018.0 | ||
| 008 | 260429s9999||||xx |||||||||||||| ||und|| | ||
| 020 | _a9781032952918 | ||
| 041 | _aEnglish | ||
| 082 |
_a152.4 _bPAR |
||
| 100 | _aParkinson, Brian | ||
| 245 | 0 |
_aLandmarks in emotion research : _ba guided tour of classic and contemporary studies / _cBrian Parkinson |
|
| 250 | _a1st ed. | ||
| 260 |
_aNew Delhi : _bRoutledge, _c2026. |
||
| 300 | _a384 p.; pbk | ||
| 650 | _a Educational psychology | ||
| 650 | _a Psychology | ||
| 650 | _aEmotion | ||
| 942 | _cTB | ||
| 999 |
_c51882 _d51882 |
||